000
00301nam a2200133Ia 4500
005
20251222144637.0
008
251222s9999||||xx |||||||||||||| ||spa||
020
_a
968-58-0553-9
082
_a
808.2/B24
100
_a
Barba, Eugenio
245
0
_a
Las Islas Flotantes
264
_b
UNAM
942
_c
LIB
999
_c
16542
_d
16542